| 000 | 00555nam a2200205Ia 4500 | ||
|---|---|---|---|
| 999 |
_c28208 _d28208 |
||
| 003 | OSt | ||
| 005 | 20251022123838.0 | ||
| 008 | 250310s9999||||xx |||||||||||||| ||und|| | ||
| 020 | _a0 408 00170 4 | ||
| 040 | _c. | ||
| 082 |
_a623.87 _bS719 |
||
| 100 |
_91200 _aSouchotte, Ernest _eeditor |
||
| 245 | 0 |
_aMarine auxiliary machinery / _cedited by Ernest Souchotte |
|
| 250 | _a5th ed. | ||
| 260 |
_aLondon : _bNewnes - Butterworths, _c1975. |
||
| 300 | _a502 p. | ||
| 650 | 0 |
_9198 _aMarine Engines |
|
| 650 | 0 |
_91202 _aMarine machinery |
|
| 942 |
_cBK _2ddc |
||